| 000 | 00911nam a2200253Ia 4500 | ||
|---|---|---|---|
| 003 | OSt | ||
| 005 | 20221005110445.0 | ||
| 006 | a|||||r|||| 00| 0 | ||
| 007 | ta | ||
| 008 | 221004b |||||||| |||| 00| 0 hin d | ||
| 020 |
_a8188125040 (hbk) _c190 |
||
| 024 | _a106074 | ||
| 037 |
_b12954, 18/03/2011, Kitab Ghar _cTextual |
||
| 040 |
_aCRL _cCRL _bhin |
||
| 041 |
_2hin _ahin |
||
| 082 | _aP1520aW94, 152P2;P8 | ||
| 100 | _aविष्णु प्रभाकर | ||
| 245 | 0 | _aराष्ट्रीय एकता और हिंदी | |
| 246 | _aRāṣhṭrīya ekatā aur hiandī | ||
| 260 |
_aनई दिल्ली _bजगतराम एण्ड संस भारत _c2008 |
||
| 300 |
_a211पृ0 _ccm. |
||
| 942 |
_hP1520aW94, 152P2;P8 _cTEXL _2cc |
||
| 999 |
_c1018876 _d1018876 |
||